000 00766nam a2200241 a 4500
005 20241029063714.0
008 100216s2005 mx r 000 0 spa d
020 _a9789682460548
035 _aUPN01000174777
049 _aCG
050 4 _aGV361
_bT6.2 2005
100 1 _aTorres Solís, José Antonio
_934845
245 1 0 _aDidáctica de la educación física /
_cJosé Antonio Torres Solís.
250 _a2a ed.
260 _aMéxico :
_bTrillas,
_c2005.
300 _a304 p. :
_bil.
590 _a(También localizas un ejemplar en el "Area de Reserva")
590 _aBibliografía Básica, 2009 (BGTQ)
650 4 _aEducación física
_xEstudio y enseñanza
_94839
650 2 _aEjercicios físicos
_914845
650 4 _aJuegos
_95342
905 _aLibro
999 _c146881
_d146881